Normal view
MARC view
- Ringskog, Klas, Indelovitch, Emanuel.
Entry Personal Name
001 - CONTROL NUMBER
- control field: 38091
003 - CONTROL NUMBER IDENTIFIER
- control field: NUST
005 - DATE AND TIME OF LATEST TRANSACTION
- control field: 20210314130544.0
008 - FIXED-LENGTH DATA ELEMENTS
- fixed length control field: 210314|| aca||aabn | a|a d
040 ## - CATALOGING SOURCE
- Original cataloging agency: NUST
- Transcribing agency: NUST
100 ## - HEADING--PERSONAL NAME
- Personal name: Ringskog, Klas, Indelovitch, Emanuel.
670 ## - SOURCE DATA FOUND
- Source citation: Work cat.: (NUST): Ringskog, Klas, Indelovitch, Emanuel.,, Private sector participation in water supply and sanitation in Latin America, May, 1995.
